00666nab a2200193 uc450000100070000000500170000700800410002403500110006503500210007604000130009704100080011010000290011824500890014765000210023665000120025770000240026970000300029377301490032389887920240201194429.0041108e20040705 eng  a898879 a(OCoLC)820301244 ccomduadb aeng10aIshida, Manabu4auteaut10aPossibility of a white dwarf as the accreting compact star in CI Cam (XTE J0421+560) aEstrellas enanas aRayos X10aMorio, K.4auteaut10aUeda, Yoshihiro4auteaut0 tRevista Mexicana de Astronomía y Astrofísica. Serie de Conferencias (México)gVolumen 20, Julio 2004, p. 104-105w139310x1405-2059068462